| 000 | 01452nam a22004217a 4500 | ||
|---|---|---|---|
| 001 | 13753308 | ||
| 003 | LIBRIS | ||
| 005 | 20241105174404.0 | ||
| 006 | m o d | | ||
| 007 | cr ||| ||||| | ||
| 008 | 130109s2012 enka||||o|||||000 0|eng|d | ||
| 020 | _a9780470674444 | ||
| 022 | _a9780470674444 | ||
| 035 | _a(OCoLC)816282157 | ||
| 035 | _a(ALMA)99282690102456 | ||
| 040 |
_aYDXCP _cYDXCP _dOCLCO _dTXA _dUIU _dDG1 _dCDX |
||
| 041 | _aeng | ||
| 050 | 4 |
_aRC683.5.U5 _bP63 2012 |
|
| 080 |
_a615.849 _bP-78 |
||
| 082 | 0 | 4 |
_a616.1207543 _223 |
| 084 |
_aVeh _2kssb/8 (machine generated) |
||
| 245 | 1 | 0 |
_aPocket guide to echocardiography _cAndro G. Kacharava ... [et al.] ; foreword by Navin C. Nanda. |
| 260 |
_aChichester, West Sussex, UK ; _bHoboken, NJ : _c2012 |
||
| 300 |
_a1 online resource (xiii, 95 p.) _bill. |
||
| 504 | _aIncludes bibliographical references. | ||
| 588 | _aDescription based on online resource; title from digital title page (viewed on Nov. 6, 2012). | ||
| 650 | 0 |
_aEchocardiography _vHandbooks, manuals, etc. |
|
| 650 | 0 |
_aRadiology _9249 |
|
| 653 | _aრადიოლოგია | ||
| 653 | _aექოკარდიოგრაფია | ||
| 655 | 4 | _aElectronic books. | |
| 700 | 1 | _aKacharava, Andro G. | |
| 700 |
_aGedevanishvili, T. Alexander _9509 |
||
| 700 |
_aImnadze, G. Guram _9510 |
||
| 700 |
_aTsverava, M. Dimitri _9511 |
||
| 700 |
_aBrodsky, M. Craig _9512 |
||
| 942 |
_2udc _cBK |
||
| 999 |
_c662 _d662 |
||